|
|
|
|
| LEADER |
00000nam0a2200000 4500 |
| 001 |
237629 |
| 005 |
20231101231542.0 |
| 035 |
|
|
|a (RuTPU)RU\TPU\book\258804
|
| 090 |
|
|
|a 237629
|
| 100 |
|
|
|a 20130516d1968 d y0rusy50 ca
|
| 101 |
0 |
|
|a rus
|
| 102 |
|
|
|a RU
|
| 105 |
|
|
|a a z 000fy
|
| 200 |
1 |
|
|a Когда? Рассказы о календаре
|f Я. И. Шур
|
| 205 |
|
|
|a 2-е изд., доп.
|
| 210 |
|
|
|a Москва
|c Детская литература
|d 1968
|
| 215 |
|
|
|a 288 с.
|c ил.
|
| 606 |
1 |
|
|a Календарь
|2 stltpush
|3 (RuTPU)RU\TPU\subj\13493
|9 40094
|
| 610 |
1 |
|
|a астрономия
|
| 610 |
1 |
|
|a время
|
| 610 |
1 |
|
|a исчисление
|
| 610 |
1 |
|
|a лунный календарь
|
| 610 |
1 |
|
|a солнечный календарь
|
| 610 |
1 |
|
|a хронологии
|
| 610 |
1 |
|
|a месяцесловы
|
| 610 |
1 |
|
|a народные календари
|
| 610 |
1 |
|
|a Россия
|
| 675 |
|
|
|a 529.3
|v 3
|
| 700 |
|
1 |
|a Шур
|b Я. И.
|g Яков Исидорович
|
| 801 |
|
1 |
|a RU
|b 63413507
|c 20130516
|
| 801 |
|
2 |
|a RU
|b 63413507
|c 20130618
|g RCR
|
| 942 |
|
|
|c BK
|